| 000 | 00000nas##2200000za#4500 |
| 001 | 9.506919 |
| 003 | CaOODSP |
| 005 | 20231123084320 |
| 007 | cr ||||||||||| |
| 008 | 150406c1998||||xxc|| p o||||f| |0eng|d |
| 040 | |aCaOODSP|beng |
| 043 | |an-cn--- |
| 086 | 1 |aE12-13E-PDF |
| 110 | 1 |aCanada. |bForeign Affairs and International Trade Canada. |
| 245 | 10|aSafeLane : |h[electronic resource]|bCanada's landmine ban report / |cBy the Mine Action Team. |
| 260 | |aOttawa - Ontario : |bForeign Affairs and International Trade |c1998-. |
| 310 | |aQuarterly |
| 500 | |aContinues : AP Mine ban: progress report. |
| 690 | 07|aLandmines|2gcpds |
| 690 | 07|aMine clearing|2gcpds |
| 775 | 08|tPassage : |w(CaOODSP)9.503315 |
| 776 | 0#|tSafeLane |w(CaOODSP)9.508386 |
| 776 | 0#|tPassage |w(CaOODSP)9.508387 |